000 00287nam a22001217a 4500
008 170405b xxu||||| |||| 00| 0 eng d
041 _aeng
080 _a616.34
100 _a9
101 _aSHM
245 _aNETTER'S GASTROINTESTINAL ANATOMY AND MOTILITY
_cNETTER, F.H
942 _2udc
_cBK
999 _c9871
_d9871